Pharmaceutical calculations / (Record no. 358838)
[ view plain ]
| 000 -LEADER | |
|---|---|
| fixed length control field | 00542nam a2200157Ia 4500 |
| 008 - FIXED-LENGTH DATA ELEMENTS--GENERAL INFORMATION | |
| fixed length control field | 180925s9999 xx 000 0 und d |
| 020 ## - INTERNATIONAL STANDARD BOOK NUMBER | |
| International Standard Book Number | 9781496300713 |
| 100 ## - MAIN ENTRY--PERSONAL NAME | |
| Personal name | Ansel,Howard C. |
| 245 ## - TITLE STATEMENT | |
| Statement of responsibility, etc | Howard C. Ansel, Shelly J. Stockton.-- |
| Title | Pharmaceutical calculations / |
| 250 ## - EDITION STATEMENT | |
| Edition statement | 15th ed |
| 260 ## - PUBLICATION, DISTRIBUTION, ETC. (IMPRINT) | |
| Place of publication, distribution, etc | USA : |
| Name of publisher, distributor, etc | Wolters kluwer |
| Date of publication, distribution, etc | 2017 |
| 300 ## - PHYSICAL DESCRIPTION | |
| Extent | xii, 455 pages. |
| 500 ## - GENERAL NOTE | |
| General note | Inlcudes bibliographical reference and indexes. |
| 650 ## - SUBJECT ADDED ENTRY--TOPICAL TERM | |
| Topical term or geographic name as entry element | MESH: Drug dosage calculations. |
| 650 ## - SUBJECT ADDED ENTRY--TOPICAL TERM | |
| Topical term or geographic name as entry element | Pharmaceutical preparations -- administration & dosage. |
| Withdrawn status | Lost status | Source of classification or shelving scheme | Damaged status | Home library | Current library | Shelving location | Date acquired | Source of acquisition | Total Checkouts | Total Renewals | Full call number | Barcode | Date last seen | Date checked out | Price effective from | Koha item type |
|---|---|---|---|---|---|---|---|---|---|---|---|---|---|---|---|---|
| Library of Congress Classification | South SEED-LPDH College Library | South SEED-LPDH College Library | South SEED-LPDH College Section | 09/25/2018 | Library Fund | 2 | 5 | RS 57 .An61 2017 | SSLC1780 | 11/29/2018 | 10/25/2018 | 09/25/2018 | Books |